Statistics for アメリカ合衆国の州

Click here to take the quiz!

General Stats

  • This quiz has been taken 2,059 times
  • The average score is 26 of 50

Answers on the Map

Answers color-coded by a green-red scale on the quiz's map according to % correct below.
 

Answer Stats

州名% Correct
ニューヨーク州
90%
アラスカ州
90%
ワシントン州
87%
カリフォルニア州
85%
ハワイ州
85%
フロリダ州
83%
テキサス州
80%
ノースカロライナ州
69%
ニューメキシコ州
69%
サウスカロライナ州
67%
サウスダコタ州
61%
ノースダコタ州
60%
ネバダ州
58%
ユタ州
58%
ミシシッピ州
54%
ケンタッキー州
53%
ミシガン州
52%
ニュージャージー州
52%
イリノイ州
51%
アリゾナ州
50%
メイン州
49%
オレゴン州
48%
アイダホ州
48%
アラバマ州
48%
コロラド州
47%
バージニア州
47%
マサチューセッツ州
46%
カンザス州
45%
オクラホマ州
45%
オハイオ州
44%
ウェストバージニア州
43%
ニューハンプシャー州
43%
ワイオミング州
42%
ミネソタ州
42%
ジョージア州
42%
アイオワ州
41%
テネシー州
40%
アーカンソー州
39%
ルイジアナ州
38%
ミズーリ州
36%
ネブラスカ州
36%
モンタナ州
35%
ペンシルベニア州
35%
ウィスコンシン州
34%
コネチカット州
33%
メリーランド州
33%
インディアナ州
32%
デラウェア州
32%
ロードアイランド州
31%
バーモント州
29%

Score Distribution

Percentile by Number Answered

Percent of People with Each Score

Your Score History

You have not taken this quiz